Normal view
MARC view
Entry Personal Name
001 - CONTROL NUMBER
- control field: 9630
003 - CONTROL NUMBER IDENTIFIER
- control field: ARRUPE
005 - DATE AND TIME OF LATEST TRANSACTION
- control field: 20140328144844.0
008 - FIXED-LENGTH DATA ELEMENTS
- fixed length control field: 140328|| aca||aabn | a|a d
040 ## - CATALOGING SOURCE
- Original cataloging agency: ARRUPE
- Transcribing agency: ARRUPE
100 ## - HEADING--PERSONAL NAME
- Personal name: Stokes, Jamie.
670 ## - SOURCE DATA FOUND
- Source citation: Work cat.: (ARRUPE)0: Stokes, Jamie., Encyclopedia of the peoples of Africa and the Middle East /, c2009.